Hồ Khẩu : Một làng cổ của Thăng Long /

Saved in:
Bibliographic Details
Main Author: Vũ Văn Luân.
Format: Article
Language:Vietnamese
Subjects:
Tags: Add Tag
No Tags, Be the first to tag this record!
Institutions: Thư viện Trường Đại học Đà Lạt
LEADER 00761nam a2200265 4500
001 DLU090087543
005 ##20091014
040 # # |a DLU  |b vie 
041 # # |a vie 
044 # # |a vn 
100 # # |a Vũ Văn Luân.  
245 # # |a Hồ Khẩu :  |b Một làng cổ của Thăng Long /  |c Vũ Văn Luân.  
653 # # |a Di tích lịch sử 
653 # # |a Làng nghề truyền thống 
653 # # |a Phố cổ 
773 # # |t Nghiên cứu lịch sử  |g Số 5(300), 1998, tr. 69-72 
920 # # |a Phòng Tạp chí -- Trung tâm Thông tin - Thư viện Trường Đại học Đà Lạt 
994 # # |a DLU 
900 # # |a True 
911 # # |a Nguyễn Thị Linh Chi 
925 # # |a G 
926 # # |a A 
927 # # |a BB 
980 # # |a Thư viện Trường Đại học Đà Lạt